[Event "Montreal op U2000"]
[Site "Montreal"]
[Date "2016.09.11"]
[Round "5.50"]
[White "Messaoudene, Kamel"]
[Black "Bourassa, Louis"]
[Result "1-0"]
[WhiteElo "1775"]
[BlackElo "1512"]
[PlyCount "59"]
[EventDate "2016.09.09"]
[EventType "swiss"]
[EventRounds "5"]
[EventCountry "CAN"]
[SourceTitle "EXT 2022"]
[Source "ChessBase"]
[SourceDate "2021.10.06"]
[SourceVersion "1"]
[SourceVersionDate "2021.10.06"]
[SourceQuality "1"]

1. d4 Nf6 2. c4 g6 3. h3 d5 4. Nc3 Bg7 5. Bf4 0-0 6. Qb3 dxc4 7. Qxc4 Nbd7 8. Bxc7 Qe8 9. e3 e6 10. Bd6 Nb6 11. Qb3 Bd7 12. Bb5 Nbd5 13. Bxd7 Qxd7 14. Bxf8 Bxf8 15. Nxd5 Nxd5 16. a3 Qc7 17. Nf3 Qa5+ 18. Nd2 Bb4 19. Rd1 Bxd2+ 20. Rxd2 Rc8 21. Qd1 Nf6 22. 0-0 Qf5 23. Qa4 Ne4 24. Re2 Qh5 25. Rc2 Rf8 26. Qxa7 Qf5 27. Qxb7 Ng5 28. Rc5 Nxh3+ 29. gxh3 Qxh3 30. Qg2 1-0

[Event "Lanaudiere U1400"]
[Site "Repentigny"]
[Date "2008.08.16"]
[Round "3"]
[White "Bourassa, Louis"]
[Black "Breton, Jules"]
[Result "1-0"]
[WhiteElo "1209"]
[BlackElo "1301"]
[PlyCount "57"]
[EventDate "2008.08.15"]
[EventType "swiss"]
[EventRounds "5"]
[EventCountry "CAN"]
[SourceTitle "EXT 2011"]
[Source "ChessBase"]
[SourceDate "2010.11.26"]
[SourceVersion "1"]
[SourceVersionDate "2010.11.26"]
[SourceQuality "1"]

1. e4 c5 2. Nf3 e6 3. d4 cxd4 4. c3 dxc3 5. Nxc3 a6 6. Bc4 Nc6 7. Bf4 d6 8. Qe2 Bd7 9. 0-0 e5 10. Be3 h6 11. Nd5 Rb8 12. Bb6 Qc8 13. Nc7+ Ke7 14. Nd5+ Ke8 15. Rac1 Nf6 16. Nxf6+ gxf6 17. Rfd1 Be7 18. Bd5 Kf8 19. Nh4 f5 20. Qh5 Qe8 21. Nxf5 Be6 22. Be3 Bxf5 23. Bxh6+ Kg8 24. exf5 Bf6 25. Rd3 Rxh6 26. Qxh6 Bg7 27. Rg3 Qf8 28. f6 Nd4 29. Rxg7+ 1-0

[Event "Sherbrooke op-C"]
[Site "Sherbrooke"]
[Date "2008.05.24"]
[Round "2"]
[White "Beauregard, Pascal"]
[Black "Bourassa, Louis"]
[Result "1-0"]
[WhiteElo "1288"]
[BlackElo "1226"]
[PlyCount "67"]
[EventDate "2008.05.23"]
[EventType "swiss"]
[EventRounds "5"]
[EventCountry "CAN"]
[SourceTitle "EXT 2011"]
[Source "ChessBase"]
[SourceDate "2010.11.26"]
[SourceVersion "1"]
[SourceVersionDate "2010.11.26"]
[SourceQuality "1"]

1. e4 e5 2. Nf3 Nf6 3. Nxe5 d6 4. Nf3 Nxe4 5. d4 d5 6. Bd3 Bd6 7. 0-0 0-0 8. Nbd2 Re8 9. Re1 Nf6 10. c3 c6 11. Qc2 Rxe1+ 12. Nxe1 Qc7 13. Ndf3 Bg4 14. Bg5 Nbd7 15. h3 Bh5 16. Nh4 h6 17. Be3 Re8 18. Nef3 Bxf3 19. Nxf3 Ne4 20. c4 Ndf6 21. Rc1 Rc8 22. Nh4 Bf4 23. Nf5 Bxe3 24. Nxe3 Qf4 25. cxd5 c5 26. Bxe4 Nxe4 27. Re1 Rc7 28. Nc4 f5 29. Ne5 cxd4 30. Rxe4 Qxe5 31. Rxe5 Rxc2 32. d6 d3 33. d7 Re2 34. d8Q+ 1-0

[Event "Sherbrooke op-C"]
[Site "Sherbrooke"]
[Date "2008.05.23"]
[Round "1"]
[White "Bourassa, Louis"]
[Black "Beaudry, Michel"]
[Result "1-0"]
[WhiteElo "1226"]
[BlackElo "1450"]
[PlyCount "95"]
[EventDate "2008.05.23"]
[EventType "swiss"]
[EventRounds "5"]
[EventCountry "CAN"]
[SourceTitle "EXT 2011"]
[Source "ChessBase"]
[SourceDate "2010.11.26"]
[SourceVersion "1"]
[SourceVersionDate "2010.11.26"]
[SourceQuality "1"]

1. e4 e5 2. Nf3 Nf6 3. Nc3 Bb4 4. d3 d6 5. Bd2 0-0 6. Be2 c6 7. a3 Ba5 8. 0-0 h6 9. Re1 Re8 10. h3 Bb6 11. Qc1 Nh7 12. Nd1 Qf6 13. Ne3 Bd8 14. Nh2 Bb6 15. Bg4 Bxg4 16. Nhxg4 Qg6 17. Nf5 h5 18. Nh2 Bd8 19. Re3 Qe6 20. Rg3 g6 21. Nf3 Kh8 22. Bh6 Bf6 23. N5h4 Nd7 24. c3 Qe7 25. Rxg6 Rg8 26. Rxg8+ Rxg8 27. Nf5 Qe6 28. Qe3 b6 29. d4 Ndf8 30. Bxf8 Rxf8 31. Qh6 exd4 32. Ng5 Qxf5 33. exf5 Bxg5 34. Qxd6 dxc3 35. bxc3 c5 36. Rd1 Bf6 37. c4 Bb2 38. Qc7 Bxa3 39. Qxa7 Bb2 40. Qxb6 Bd4 41. Qh6 f6 42. Qxh5 Rg8 43. Rb1 Rg7 44. Rb8+ Rg8 45. Rb7 Rg7 46. Qe8+ Rg8 47. Qf7 Ng5 48. Qh5+ 1-0